| 000 | 00870nam a2200277 i 4500 | ||
|---|---|---|---|
| 001 | 13282 | ||
| 003 | ES-MaACL | ||
| 005 | 20250828004900.0 | ||
| 007 | t| | ||
| 008 | 980122s1996 sp ||||1| spa d | ||
| 020 | _a84-7112-407-6 | ||
| 080 | _a37.011 | ||
| 080 | _a37.013 | ||
| 100 | 1 |
_aCarr, Wilfred. _935473 |
|
| 245 | 1 | 4 |
_aUna teoría para la educación _b: hacia una investigación educativa crítica / _cWilfred Carr. |
| 260 |
_aLa Coruña : _bFundación Paideia ; _aMadrid : _bMorata, _c[1996] |
||
| 300 |
_a174 p. ; _c24 cm. |
||
| 490 | 1 | _aEducación crítica | |
| 504 | _aBibliografía : p. [166]-173. | ||
| 650 | 4 |
_aEducación- _xFilosofía. _912079 |
|
| 650 | 1 | 7 |
_aPedagogía _2embne _915904 |
| 710 | 2 |
_aFundación Paideia. _94378 |
|
| 830 | 0 |
_aEducación crítica _9228397 |
|
| 852 |
_aES-MaACL _jL-20637 _bR.126380 |
||
| 999 |
_c13282 _d13282 |
||